<?xml version="1.0" encoding="UTF-8"?>
<record
    xmlns:xsi="http://www.w3.org/2001/XMLSchema-instance"
    xsi:schemaLocation="http://www.loc.gov/MARC21/slim http://www.loc.gov/standards/marcxml/schema/MARC21slim.xsd"
    xmlns="http://www.loc.gov/MARC21/slim">

  <leader>00667cam a22002173a 4500</leader>
  <controlfield tag="001">34365</controlfield>
  <controlfield tag="003">PGUSA</controlfield>
  <controlfield tag="005">20140828083736.0</controlfield>
  <controlfield tag="008">101118s2010||||xxu|||||s|||||000 | eng d</controlfield>
  <datafield tag="040" ind1=" " ind2=" ">
    <subfield code="a">PGUSA</subfield>
    <subfield code="b">eng</subfield>
  </datafield>
  <datafield tag="042" ind1=" " ind2=" ">
    <subfield code="a">dc</subfield>
  </datafield>
  <datafield tag="100" ind1="1" ind2=" ">
    <subfield code="a">Spearman, Frank H.</subfield>
    <subfield code="q">(Frank Hamilton),</subfield>
    <subfield code="d">1859-1937</subfield>
  </datafield>
  <datafield tag="245" ind1="1" ind2="0">
    <subfield code="a">Held for Orders :</subfield>
    <subfield code="b">Being Stories of Railroad Life</subfield>
    <subfield code="h">[electronic resource] /</subfield>
    <subfield code="c">Frank H. Spearman</subfield>
  </datafield>
  <datafield tag="260" ind1=" " ind2=" ">
    <subfield code="b">Project Gutenberg,</subfield>
    <subfield code="c">2010</subfield>
  </datafield>
  <datafield tag="506" ind1=" " ind2=" ">
    <subfield code="a">Public domain in the USA.</subfield>
  </datafield>
  <datafield tag="516" ind1=" " ind2=" ">
    <subfield code="a">Electronic text</subfield>
  </datafield>
  <datafield tag="700" ind1="1" ind2=" ">
    <subfield code="a">Hambidge, Jay,</subfield>
    <subfield code="d">1867-1924</subfield>
  </datafield>
  <datafield tag="830" ind1=" " ind2="0">
    <subfield code="a">Project Gutenberg</subfield>
    <subfield code="v">34365</subfield>
  </datafield>
  <datafield tag="856" ind1="4" ind2="0">
    <subfield code="u">http://www.gutenberg.org/ebooks/34365</subfield>
  </datafield>
  <datafield tag="942" ind1=" " ind2=" ">
    <subfield code="c">EB</subfield>
  </datafield>
  <datafield tag="999" ind1=" " ind2=" ">
    <subfield code="c">263620</subfield>
    <subfield code="d">263620</subfield>
  </datafield>
  <datafield tag="952" ind1=" " ind2=" ">
    <subfield code="0">0</subfield>
    <subfield code="1">0</subfield>
    <subfield code="4">0</subfield>
    <subfield code="a">GTB</subfield>
    <subfield code="b">GTB</subfield>
    <subfield code="d">2014-08-28</subfield>
    <subfield code="l">0</subfield>
    <subfield code="r">2014-08-28 00:00:00</subfield>
    <subfield code="w">2014-08-28</subfield>
    <subfield code="y">EB</subfield>
  </datafield>
</record>
